| 000 | 00537nam a22001697a 4500 | ||
|---|---|---|---|
| 005 | 20251108164134.0 | ||
| 008 | 250721s1974 xx 000 0 ara d | ||
| 082 | 1 | 4 | _a210.4/حسي |
| 100 | 1 | _aالشافعي، حسين | |
| 245 | 1 | 0 |
_aيا أمة القرآن : _bدعوة و برنامج عملي لبناء جيل يتفاعل مع الأحداث ... / |
| 264 | 1 |
_aالقاهرة : _bدار الشعب، _c1974. |
|
| 300 | _a142 ص | ||
| 650 | 1 | 7 | _aالإسلام |
| 650 | 1 | 7 | _aالمقالات |
| 942 |
_2ddc _cBK |
||
| 999 |
_c4596 _d4596 |
||